Давид Гурамішвілі (Запис № 382680)

МАРК-запис
000 -Лідер
fixed length control field 00767nam a22002417a 4500
001 - Контрольний номер
control field 96425
003 - Ідентифікатор контрольного номера
control field UA-OsUOA
005 - Дата та час останнього входження (трансакції)
control field 20260129122533.0
007 - Фіксоване поле фізичного опису
fixed length control field ta
008 - Елементи даних фіксованої довжини – загальна інформація
fixed length control field 20130319b un ||||| |||| 00| 0 ukr d
040 ## - Джерело каталогізації
Агенція оригінальної каталогізації UA-OsUOA
Мова каталогізації ukr
Агенція, яка здійснювала перезапис UA-OsUOA
Агенція, яка здійснювала модифікацію UA-OsUOA
041 ## - Код мови
Код мови тексту/ звукової доріжки чи окремого заголовка (П) ukr
080 ## - Індекс Універсальної десяткової класифікації
Індекс Універсальної десяткової класифікації (УДК) (НП) 821.353.1
090 ## - Локальний шифр розміщення
Класифікаційний індекс УДК 821.353.1
Авторський знак (НП) М12
100 ## - Основне введення – ім’я особи
Ім’я особи (НП) Маградзе Е. С.
9 (RLIN) 23078
245 ## - Відомості про назву
Назва (НП) Давид Гурамішвілі
Решта назви (НП) біографічна повість
Дані про відповідальність (НП) Е. С. Маградзе
260 ## - Публікація, розповсюдження і т.п. (Вихідні дані)
Місце публікації, розповсюдження і т.п. (П) К.
Ім’я/ наймення видавництва, розповсюджувача і т.п. (П) Молодь
Дата публікації, розповсюдження і т.п. (П) 1980
300 ## - Фізичний опис
Обсяг 168 с.
Інші фізичні характеристики (НП) іл.
490 ## - Область серії
Назва серії Уславлені імена
650 #7 - Додаткове предметне введення – тематичний термін
Тематичний термін чи географічна назва, як елемент введення (НП) 821 Художня література окремими мовами і мовними сім'ями
Джерело заголовка чи терміна UDC
9 (RLIN) 17
942 ## - Додаткові елементи входу (Коха)
Тип елемента Koha Книги
Source of classification or shelving scheme Universal Decimal Classification
955 ## - Код типу видання за змістом
Код типу видання за змістом (НП) Літературно-художні видання
Фонди
Стан вилучень Стан втрат Джерело класифікації або схеми стелажів Стан уражень Не для кредиту Постійне місце розташування Поточне розміщення Дата придбання Інвентарний номер Усього замовленно Повний номер виклику Штрих-код Дата останнього перегляду Ціна ефективна від Тип елемента Koha Код колекції Джерело придбання Вартість, звичайна ціна покупки Вартість, ціна заміни
    Universal Decimal Classification     АБ - Абонемент НБ АБ - Абонемент НБ 19/03/2013 10218   821.353.1 М12 10218 20/04/2022 19/03/2013 Книги        
    Universal Decimal Classification     АБ - Абонемент НБ АБ - Абонемент НБ 19/03/2013 19199   821.353.1 М12 19199 20/04/2022 19/03/2013 Книги        
    Universal Decimal Classification     АБ - Абонемент НБ АБ - Абонемент НБ 19/03/2013 42070   821.353.1 М12 42070 20/04/2022 19/03/2013 Книги        
    Universal Decimal Classification     АБ - Абонемент НБ АБ - Абонемент НБ 29/01/2026     821.353.1 М12 169259 29/01/2026 29/01/2026 Книги Колекція Шевчука Валерія №03/21.01.2026 20.00 20.00